| 000 | 00959nam a2200265 a 4500 | ||
|---|---|---|---|
| 001 | 000018573 | ||
| 005 | 20200929165827.0 | ||
| 008 | 100511s1986 sp a 000 f spa d | ||
| 020 | _a8420726591 | ||
| 040 |
_aDO-SdBNP _bspa _cBNPHU |
||
| 082 |
_a863.64 _bU54sanm |
||
| 100 | 1 |
_aUnamuno, Miguel de, _d1864-1936 _96254 |
|
| 245 | 1 | 0 |
_aSan Manuel Bueno, mártir / _cMiguel de Unamuno ; edición, introducción, notas, comentarios y apéndice de Jesús Carmena Martínez. |
| 260 |
_aMadrid : _bAnaya, _c1986. |
||
| 300 |
_a135, [1] p. : _bil. ; _c19 cm. |
||
| 490 | 1 |
_aBiblioteca didáctica Anaya _v14 |
|
| 500 | _aIncluye notas al pie de las páginas. | ||
| 600 | 1 |
_aUNAMUNO, MIGUEL DE, _d1864-1936 _xCRÍTICA E INTERPRETACIÓN _914119 |
|
| 650 | 4 |
_aNovela española _91123 |
|
| 650 | 4 |
_aLiteratura española _9632 |
|
| 700 | 1 |
_aCarmena Martínez, Jesús, _eed. _940170 |
|
| 830 | 0 |
_aBiblioteca didáctica Anaya ; _v14 _98965 |
|
| 910 | _aWM | ||
| 049 | _aBNGR | ||
| 999 |
_c18093 _d18093 |
||